| 000 | 00655nam a2200253Ia 4500 | ||
|---|---|---|---|
| 005 | 20250425161331.0 | ||
| 008 | 250425s9999 xx 000 0 und d | ||
| 020 | _a9586002381 | ||
| 041 | _aspa | ||
| 082 | _a658.15902 | ||
| 100 | _aWESTON, J. FRED | ||
| 245 | 0 | _aMANUAL DE ADMINISTRACION FINANCIERA | |
| 250 | _a1A ED. | ||
| 260 |
_aBOGOTA _bMCGRAW HILL |
||
| 260 |
_aColombia _bWESTON FRED J. _c1986 |
||
| 300 | _a286 | ||
| 500 | _aTÃtulo Traducido: MANUAL DE ADMINISTRACION FINANCIERA | ||
| 650 | _aDECISIONES | ||
| 650 | _aEMPRESAS | ||
| 650 | _aFINANZAS | ||
| 700 |
_aGOMEZ MONT JAIME _etraductor |
||
| 942 | _c01 | ||
| 010 | _a17963 | ||
| 999 |
_c207124 _d207124 |
||